000 00715cam a22002292 4500
001 0000008547
005 20151021151114.0
008 080423s xx 000 0 eng d
020 _a8182810310 :
_cKES 730
040 _aKABU
_cKABU
100 1 _aJhingan, M. L.
_@0000154929
245 1 4 _aThe Economics of development and planning /
_cM. L. Jhingan.
250 _a38th ed.
260 _aDelhi :
_bVrinda,
_c2005.
300 _axix, 876 p.
650 0 _aEconomic development.
_@0000150073
650 0 _aEconomic policy.
_@0000150092
908 _a080423
950 _@1
999 _c748
_d748